مكتبة جامعة عجلون الوطنية

فهرس بحث المكتبة

Normal view MARC view
  • جرائم التشهير-قانون

Entry Topical Term

Number of records used in: 1

001 - CONTROL NUMBER

  • control field: 62524

003 - CONTROL NUMBER IDENTIFIER

  • control field: JO-AjAnu

005 - DATE AND TIME OF LATEST TRANSACTION

  • control field: 20230606084218.0

008 - FIXED-LENGTH DATA ELEMENTS

  • fixed length control field: 230606|| aca||aabn | a|a d

040 ## - CATALOGING SOURCE

  • Original cataloging agency: JO-AjAnu
  • Transcribing agency: JO-AjAnu

150 ## - HEADING--TOPICAL TERM

  • Topical term or geographic name entry element: جرائم التشهير-قانون

670 ## - SOURCE DATA FOUND

  • Source citation: Work cat.: (JO-AjAnu)31884: اعداد بني عامر، سمير محمود عبدالرحيم؛ اشراف زيد ابراهيم غرايبة, author 62523, المسؤولية الجزائية عن جرائم التشهير الالكتروني(دراسة مقارنة)=Criminal Responsibility for the Defamation Through Electronic Means(A Comparative Study